Statystyki dla zgadnij czlonkow xayoo industries

Kliknij tutaj aby rozwiązać quiz!

Ogólne statystyki

  • Ten quiz został rozwiązany 1 187 razy
  • Średni wynik to 12 z 15

Statystyki odpowiedzi

WskazówkaOdpowiedź% Poprawnych
syn beatki i mirkaXayoo_
97%
beczka smalcuJapczan
96%
umie w glos rafonaPopo
92%
mlody zadymiarzDejvidTibijskiZadymiarz
91%
wiesniakLukiSteve
90%
chomiczakHolak1337
89%
najwiekszy przystojniakAki
86%
piesMokrySuchar
85%
szczurasParamaxil
83%
mlody sympatyczny blondasMłodziutki
81%
pomorzanin z lemborkaVysotzky
81%
raper z chillwagonuolszakumpel
75%
main shacoDerpShaco
65%
dziewczyna el ciachoMaiLinh
63%
"na sucho to nawet trawa nie rosnie"Punio
15%

Rozkład punktacji

Percentyl według liczby udzielonych odpowiedzi

Procent ludzi z każdym wynikiem

Twoja historia wyników

Nie rozwiązałeś tego quizu